[Event "ODJM B 2019"]
[Site "Willingen GER"]
[Date "2019.06.15"]
[Round "9"]
[White "Astner, Sebastian"]
[Black "Knerr, Sebastian"]
[Result "0-1"]
[Termination "normal"]
[Board "1"]
[WhiteElo "1870"]
[BlackElo "1685"]
[WhiteClock "00:50:33"]
[BlackClock "00:18:24"]
[PlyCount "86"]
[WhiteFideId "12979422"]
[BlackFideId "16266013"]
[EventCountry "GER"]
[EventRounds "9"]
[EventType "swiss"]
[EventDate "2019.06.08"]

1. e4 {[%clk 1:30:58]} 1... e5 {[%clk 1:30:14]} 2. Bc4 {[%clk 1:31:20]} 2...
Nc6 {[%clk 1:28:51]} 3. d3 {[%clk 1:29:45]} 3... d6 {[%clk 1:25:50]} 4. f4 {
[%clk 1:28:12]} 4... Nf6 {[%clk 1:23:30]} 5. Nf3 {[%clk 1:27:20]} 5... exf4 {
[%clk 1:14:44]} 6. Bxf4 {[%clk 1:25:29]} 6... Be6 {[%clk 1:12:01]} 7. Bb3 {
[%clk 1:22:17]} 7... h6 {[%clk 1:09:52]} 8. O-O {[%clk 1:21:13]} 8... Qe7 {
[%clk 1:06:53]} 9. Ba4 {[%clk 1:18:40]} 9... Bd7 {[%clk 1:06:11]} 10. Bxc6 {
[%clk 1:18:08]} 10... Bxc6 {[%clk 1:05:28]} 11. e5 {[%clk 1:17:31]} 11... dxe5
{[%clk 1:04:55]} 12. Nxe5 {[%clk 1:17:45]} 12... O-O-O {[%clk 1:04:44]} 13. d4
{[%clk 1:13:44]} 13... Be8 {[%clk 0:59:15]} 14. c3 {[%clk 1:10:17]} 14... Nd5 {
[%clk 0:57:20]} 15. Qc1 {[%clk 1:02:19]} 15... f6 {[%clk 0:51:36]} 16. Nd3 {
[%clk 0:59:18]} 16... Qe4 {[%clk 0:49:47]} 17. Nc5 {[%clk 0:56:52]} 17... Bxc5
{[%clk 0:48:50]} 18. dxc5 {[%clk 0:57:05]} 18... Bb5 {[%clk 0:47:47]} 19. Nd2 {
[%clk 0:55:20]} 19... Nxf4 {[%clk 0:42:40]} 20. Nxe4 {[%clk 0:55:04]} 20...
Ne2+ {[%clk 0:43:00]} 21. Kh1 {[%clk 0:55:26]} 21... Nxc1 {[%clk 0:43:28]} 22.
Rfxc1 {[%clk 0:55:48]} 22... Rhe8 {[%clk 0:43:04]} 23. Re1 {[%clk 0:54:36]}
23... Bc6 {[%clk 0:40:45]} 24. Ng3 {[%clk 0:52:27]} 24... Rxe1+ {[%clk 0:40:20]
} 25. Rxe1 {[%clk 0:52:55]} 25... Rd2 {[%clk 0:40:19]} 26. Nf5 {[%clk 0:52:52]}
26... Be4 {[%clk 0:38:43]} 27. c6 {[%clk 0:49:44]} 27... Bxg2+ {[%clk 0:37:14]}
28. Kg1 {[%clk 0:50:09]} 28... Bxc6 {[%clk 0:37:31]} 29. b4 {[%clk 0:49:36]}
29... Rg2+ {[%clk 0:36:21]} 30. Kf1 {[%clk 0:50:02]} 30... Rxh2 {[%clk 0:35:49]
} 31. Re3 {[%clk 0:49:10]} 31... g5 {[%clk 0:29:52]} 32. c4 {[%clk 0:49:31]}
32... Bd7 {[%clk 0:27:25]} 33. Nd4 {[%clk 0:49:25]} 33... Kd8 {[%clk 0:27:10]}
34. b5 {[%clk 0:49:22]} 34... Rd2 {[%clk 0:26:52]} 35. Nb3 {[%clk 0:49:34]}
35... Rxa2 {[%clk 0:26:55]} 36. Nc5 {[%clk 0:49:56]} 36... b6 {[%clk 0:24:47]}
37. Ne4 {[%clk 0:50:20]} 37... f5 {[%clk 0:23:48]} 38. Nf6 {[%clk 0:50:45]}
38... Rd2 {[%clk 0:24:04]} 39. Rh3 {[%clk 0:50:23]} 39... Be6 {[%clk 0:20:22]}
40. Ke1 {[%clk 0:50:11]} 40... Rd4 {[%clk 0:19:37]} 41. Rxh6 {[%clk 0:50:18]}
41... Ke7 {[%clk 0:19:08]} 42. Nh5 {[%clk 0:50:07]} 42... Rh4 {[%clk 0:18:45]}
43. Rh7+ {[%clk 0:50:33]} 43... Bf7 {[%clk 0:18:24]} 0-1

[Event "ODJM B 2019"]
[Site "Willingen GER"]
[Date "2019.06.15"]
[Round "9"]
[White "Petersen, Finn Christopher"]
[Black "Matthes, Benjamin"]
[Result "1/2-1/2"]
[Termination "normal"]
[Board "2"]
[WhiteElo "1780"]
[BlackElo "1737"]
[WhiteClock "00:03:45"]
[BlackClock "00:01:29"]
[PlyCount "121"]
[WhiteFideId "12964840"]
[BlackFideId "16227298"]
[EventCountry "GER"]
[EventRounds "9"]
[EventType "swiss"]
[EventDate "2019.06.08"]

1. e4 {[%clk 1:30:57]} 1... c5 {[%clk 1:30:28]} 2. Nf3 {[%clk 1:31:23]} 2...
Nc6 {[%clk 1:30:48]} 3. d3 {[%clk 1:31:42]} 3... d6 {[%clk 1:29:27]} 4. g3 {
[%clk 1:31:09]} 4... g6 {[%clk 1:22:08]} 5. Bg2 {[%clk 1:31:00]} 5... Bg7 {
[%clk 1:21:53]} 6. O-O {[%clk 1:31:09]} 6... Bg4 {[%clk 1:16:03]} 7. Nbd2 {
[%clk 1:27:36]} 7... Qd7 {[%clk 1:11:44]} 8. Re1 {[%clk 1:19:06]} 8... e5 {
[%clk 1:07:11]} 9. c3 {[%clk 1:17:24]} 9... Nge7 {[%clk 1:05:01]} 10. Nf1 {
[%clk 1:13:22]} 10... O-O {[%clk 1:00:56]} 11. Ne3 {[%clk 1:05:48]} 11... Be6 {
[%clk 0:57:32]} 12. h4 {[%clk 0:54:55]} 12... h6 {[%clk 0:49:28]} 13. Nh2 {
[%clk 0:36:42]} 13... f5 {[%clk 0:45:25]} 14. Kh1 {[%clk 0:24:56]} 14... f4 {
[%clk 0:37:55]} 15. Nd5 {[%clk 0:18:24]} 15... fxg3 {[%clk 0:35:02]} 16. fxg3 {
[%clk 0:18:15]} 16... Rf7 {[%clk 0:28:08]} 17. Be3 {[%clk 0:15:35]} 17... Raf8
{[%clk 0:25:08]} 18. Qe2 {[%clk 0:14:06]} 18... Bh3 {[%clk 0:19:33]} 19. Nxe7+
{[%clk 0:13:14]} 19... Nxe7 {[%clk 0:20:01]} 20. Bxh3 {[%clk 0:13:11]} 20...
Qxh3 {[%clk 0:20:00]} 21. Qg2 {[%clk 0:13:16]} 21... Qxg2+ {[%clk 0:18:06]} 22.
Kxg2 {[%clk 0:13:36]} 22... h5 {[%clk 0:17:10]} 23. Rf1 {[%clk 0:12:56]} 23...
Nc6 {[%clk 0:13:52]} 24. Nf3 {[%clk 0:12:14]} 24... b5 {[%clk 0:12:19]} 25. Ng5
{[%clk 0:11:27]} 25... Rxf1 {[%clk 0:09:20]} 26. Rxf1 {[%clk 0:11:55]} 26...
Rxf1 {[%clk 0:09:29]} 27. Kxf1 {[%clk 0:12:24]} 27... b4 {[%clk 0:07:25]} 28.
Ke2 {[%clk 0:11:54]} 28... a5 {[%clk 0:07:07]} 29. Kd2 {[%clk 0:11:18]} 29...
Bh6 {[%clk 0:04:59]} 30. Kc2 {[%clk 0:10:36]} 30... a4 {[%clk 0:03:39]} 31. Bd2
{[%clk 0:09:45]} 31... Bxg5 {[%clk 0:03:46]} 32. Bxg5 {[%clk 0:07:14]} 32...
Kf7 {[%clk 0:04:14]} 33. Be3 {[%clk 0:06:47]} 33... Ke6 {[%clk 0:03:22]} 34. a3
{[%clk 0:06:52]} 34... b3+ {[%clk 0:02:46]} 35. Kd2 {[%clk 0:06:08]} 35... Nd8
{[%clk 0:01:45]} 36. d4 {[%clk 0:06:14]} 36... exd4 {[%clk 0:01:33]} 37. cxd4 {
[%clk 0:06:40]} 37... cxd4 {[%clk 0:00:39]} 38. Bxd4 {[%clk 0:07:00]} 38... Nc6
{[%clk 0:00:58]} 39. Kd3 {[%clk 0:03:33]} 39... d5 {[%clk 0:01:05]} 40. exd5+ {
[%clk 0:01:09]} 40... Kxd5 {[%clk 0:01:05]} 41. Bf2 {[%clk 0:24:44]} 41... Ne5+
{[%clk 0:26:51]} 42. Kc3 {[%clk 0:21:11]} 42... Ke4 {[%clk 0:12:39]} 43. Bb6 {
[%clk 0:14:38]} 43... Nd3 {[%clk 0:09:20]} 44. Ba7 {[%clk 0:13:08]} 44... Ne5 {
[%clk 0:08:50]} 45. Bd4 {[%clk 0:10:06]} 45... Nd3 {[%clk 0:08:38]} 46. Bb6 {
[%clk 0:10:08]} 46... Ne1 {[%clk 0:04:34]} 47. Kb4 {[%clk 0:09:22]} 47... Kd3 {
[%clk 0:04:11]} 48. Bf2 {[%clk 0:04:39]} 48... Nf3 {[%clk 0:03:27]} 49. Bb6 {
[%clk 0:02:43]} 49... Kc2 {[%clk 0:03:18]} 50. Bd8 {[%clk 0:02:38]} 50... Kxb2
{[%clk 0:02:40]} 51. Bf6+ {[%clk 0:02:58]} 51... Kc2 {[%clk 0:02:08]} 52. Kxa4
{[%clk 0:03:23]} 52... b2 {[%clk 0:01:39]} 53. Bxb2 {[%clk 0:03:50]} 53... Kxb2
{[%clk 0:02:02]} 54. Kb4 {[%clk 0:04:12]} 54... Nd4 {[%clk 0:01:41]} 55. a4 {
[%clk 0:03:42]} 55... Nb3 {[%clk 0:01:35]} 56. Kc4 {[%clk 0:02:46]} 56... Ka3 {
[%clk 0:01:40]} 57. Kd5 {[%clk 0:03:07]} 57... Kxa4 {[%clk 0:01:20]} 58. Ke5 {
[%clk 0:03:09]} 58... Nc5 {[%clk 0:00:48]} 59. Kf6 {[%clk 0:03:26]} 59... Ne4+
{[%clk 0:01:14]} 60. Kxg6 {[%clk 0:03:45]} 60... Nxg3 {[%clk 0:01:29]} 61. Kg5
1/2-1/2

[Event "ODJM B 2019"]
[Site "Willingen GER"]
[Date "2019.06.15"]
[Round "9"]
[White "Diegel, Jonas"]
[Black "Günther, Emil"]
[Result "1/2-1/2"]
[Termination "normal"]
[Board "3"]
[WhiteElo "1787"]
[BlackElo "1689"]
[WhiteClock "01:16:22"]
[BlackClock "01:15:35"]
[PlyCount "59"]
[WhiteFideId "16206061"]
[BlackFideId "16228154"]
[EventCountry "GER"]
[EventRounds "9"]
[EventType "swiss"]
[EventDate "2019.06.08"]

1. d4 {[%clk 1:30:58]} 1... d5 {[%clk 1:30:56]} 2. Nf3 {[%clk 1:31:22]} 2... c6
{[%clk 1:31:18]} 3. c4 {[%clk 1:31:44]} 3... e6 {[%clk 1:31:43]} 4. Nc3 { [%clk
1:32:09]} 4... dxc4 {[%clk 1:32:09]} 5. e3 {[%clk 1:32:28]} 5... b5 { [%clk
1:32:26]} 6. a4 {[%clk 1:30:46]} 6... Bb4 {[%clk 1:32:48]} 7. Bd2 { [%clk
1:30:53]} 7... a5 {[%clk 1:32:51]} 8. Be2 {[%clk 1:30:06]} 8... Nf6 { [%clk
1:30:07]} 9. O-O {[%clk 1:28:49]} 9... O-O {[%clk 1:30:00]} 10. Ne5 { [%clk
1:27:53]} 10... Bb7 {[%clk 1:29:47]} 11. Bf3 {[%clk 1:28:01]} 11... Qc8 { [%clk
1:26:37]} 12. axb5 {[%clk 1:27:11]} 12... Bxc3 {[%clk 1:26:43]} 13. bxc6 {[%clk
1:27:33]} 13... Nxc6 {[%clk 1:27:05]} 14. Nxc6 {[%clk 1:27:08]} 14... Bxc6
{[%clk 1:27:26]} 15. Bxc3 {[%clk 1:27:29]} 15... Bxf3 {[%clk 1:26:24]} 16. Qxf3
{[%clk 1:27:48]} 16... Qc7 {[%clk 1:26:48]} 17. Ra4 {[%clk 1:26:23]} 17... Nd5
{[%clk 1:26:42]} 18. e4 {[%clk 1:26:31]} 18... Nxc3 {[%clk 1:26:15]} 19. Qxc3
{[%clk 1:26:54]} 19... Qc6 {[%clk 1:26:39]} 20. Qc2 {[%clk 1:26:33]} 20... Rfc8
{[%clk 1:17:53]} 21. Rc1 {[%clk 1:25:06]} 21... f5 {[%clk 1:14:47]} 22. exf5
{[%clk 1:20:46]} 22... exf5 {[%clk 1:15:10]} 23. Rxc4 {[%clk 1:20:39]} 23...
Qxc4 {[%clk 1:15:32]} 24. Qxc4+ {[%clk 1:21:05]} 24... Rxc4 { [%clk 1:15:50]}
25. Rxc4 {[%clk 1:21:32]} 25... a4 {[%clk 1:15:33]} 26. g3 { [%clk 1:17:32]}
26... a3 {[%clk 1:15:54]} 27. bxa3 {[%clk 1:17:56]} 27... Rxa3 {[%clk 1:16:17]}
28. Rc7 {[%clk 1:16:29]} 28... Rd3 {[%clk 1:15:15]} 29. Kf1 { [%clk 1:16:20]}
29... Rxd4 {[%clk 1:15:35]} 30. Kg2 {[%clk 1:16:22]} 1/2-1/2

[Event "ODJM B 2019"]
[Site "Willingen GER"]
[Date "2019.06.15"]
[Round "9"]
[White "Wichert, Eddi"]
[Black "Großmann, Piet"]
[Result "1-0"]
[Termination "normal"]
[Board "4"]
[WhiteElo "1702"]
[BlackElo "1801"]
[WhiteClock "00:24:18"]
[BlackClock "00:31:17"]
[PlyCount "49"]
[WhiteFideId "16266048"]
[BlackFideId "16234359"]
[EventCountry "GER"]
[EventRounds "9"]
[EventType "swiss"]
[EventDate "2019.06.08"]

1. e4 {[%clk 1:30:56]} 1... e6 {[%clk 1:30:55]} 2. d4 {[%clk 1:31:22]} 2... d5
{[%clk 1:31:22]} 3. exd5 {[%clk 1:31:49]} 3... exd5 {[%clk 1:31:44]} 4. Nf3 {
[%clk 1:32:13]} 4... Bd6 {[%clk 1:32:10]} 5. c4 {[%clk 1:32:37]} 5... Nf6 {
[%clk 1:28:25]} 6. c5 {[%clk 1:26:19]} 6... Be7 {[%clk 1:28:50]} 7. Qa4+ {
[%clk 1:26:45]} 7... c6 {[%clk 1:28:34]} 8. Bd3 {[%clk 1:24:56]} 8... O-O {
[%clk 1:28:18]} 9. O-O {[%clk 1:24:32]} 9... b6 {[%clk 1:28:00]} 10. b4 { [%clk
1:17:57]} 10... b5 {[%clk 1:24:28]} 11. Qc2 {[%clk 1:18:17]} 11... a5 { [%clk
1:24:51]} 12. bxa5 {[%clk 1:15:54]} 12... Rxa5 {[%clk 1:24:59]} 13. Bd2 { [%clk
1:16:09]} 13... Ra7 {[%clk 1:25:04]} 14. a4 {[%clk 1:14:38]} 14... Qc7 { [%clk
1:15:54]} 15. Nc3 {[%clk 1:12:37]} 15... bxa4 {[%clk 1:15:07]} 16. Rxa4 { [%clk
1:01:41]} 16... Rxa4 {[%clk 1:13:12]} 17. Qxa4 {[%clk 0:59:41]} 17... Nbd7
{[%clk 1:05:50]} 18. Ne2 {[%clk 0:57:29]} 18... Bb7 {[%clk 1:03:22]} 19. Bf4
{[%clk 0:53:49]} 19... Qc8 {[%clk 1:01:12]} 20. Rb1 {[%clk 0:42:23]} 20... Nh5
{[%clk 0:48:26]} 21. Bf5 {[%clk 0:33:16]} 21... Nxf4 {[%clk 0:39:50]} 22. Nxf4
{[%clk 0:31:21]} 22... g6 {[%clk 0:38:47]} 23. Qa7 {[%clk 0:24:25]} 23... gxf5
{[%clk 0:35:53]} 24. Rxb7 {[%clk 0:24:39]} 24... Rd8 {[%clk 0:31:17]} 25. g3
{[%clk 0:24:18]} 1-0

[Event "ODJM B 2019"]
[Site "Willingen GER"]
[Date "2019.06.15"]
[Round "9"]
[White "Ortlepp, Klaudia"]
[Black "Petri, Ben-Luca"]
[Result "0-1"]
[Termination "normal"]
[Board "5"]
[WhiteElo "1570"]
[BlackElo "1895"]
[WhiteClock "00:13:55"]
[BlackClock "01:13:52"]
[PlyCount "70"]
[WhiteFideId "16206045"]
[BlackFideId "12947261"]
[EventCountry "GER"]
[EventRounds "9"]
[EventType "swiss"]
[EventDate "2019.06.08"]

1. e4 1... Nf6 {[%clk 1:30:30]} 2. e5 {[%clk 1:31:20]} 2... Nd5 {[%clk 1:30:56]
} 3. c4 {[%clk 1:31:32]} 3... Nb6 {[%clk 1:31:19]} 4. d4 {[%clk 1:31:53]} 4...
d6 {[%clk 1:31:47]} 5. f4 {[%clk 1:32:07]} 5... dxe5 {[%clk 1:31:47]} 6. fxe5 {
[%clk 1:32:15]} 6... Bf5 {[%clk 1:31:45]} 7. Nf3 {[%clk 1:30:41]} 7... e6 {
[%clk 1:30:56]} 8. Bd3 {[%clk 1:29:44]} 8... Bxd3 {[%clk 1:31:17]} 9. Qxd3 {
[%clk 1:30:00]} 9... c5 {[%clk 1:31:30]} 10. O-O {[%clk 1:24:18]} 10... Be7 {
[%clk 1:29:18]} 11. Rd1 {[%clk 1:10:34]} 11... cxd4 {[%clk 1:29:07]} 12. Nxd4 {
[%clk 1:07:12]} 12... O-O {[%clk 1:28:50]} 13. Qe2 {[%clk 1:02:02]} 13... Bc5 {
[%clk 1:27:18]} 14. Kh1 {[%clk 0:52:57]} 14... Bxd4 {[%clk 1:27:32]} 15. Be3 {
[%clk 0:53:19]} 15... Nc6 {[%clk 1:26:15]} 16. Bxd4 {[%clk 0:53:38]} 16... Nxd4
{[%clk 1:26:37]} 17. Qe4 {[%clk 0:53:53]} 17... Qc7 {[%clk 1:26:09]} 18. Rxd4 {
[%clk 0:53:31]} 18... Rad8 {[%clk 1:26:01]} 19. Na3 {[%clk 0:49:14]} 19... Rxd4
{[%clk 1:26:17]} 20. Qxd4 {[%clk 0:49:27]} 20... Rd8 {[%clk 1:26:42]} 21. Qc3 {
[%clk 0:48:58]} 21... Qd7 {[%clk 1:24:30]} 22. Kg1 {[%clk 0:46:09]} 22... Na4 {
[%clk 1:19:23]} 23. Qe3 {[%clk 0:34:51]} 23... Qd2 {[%clk 1:18:27]} 24. Qxd2 {
[%clk 0:34:59]} 24... Rxd2 {[%clk 1:18:48]} 25. b3 {[%clk 0:34:44]} 25... Nc5 {
[%clk 1:17:22]} 26. Nb5 {[%clk 0:32:32]} 26... a5 {[%clk 1:16:44]} 27. Nc3 {
[%clk 0:28:04]} 27... Kf8 {[%clk 1:16:27]} 28. Re1 {[%clk 0:24:46]} 28... Ke7 {
[%clk 1:15:56]} 29. Re2 {[%clk 0:18:38]} 29... Rxe2 {[%clk 1:15:58]} 30. Nxe2 {
[%clk 0:19:02]} 30... Nd3 {[%clk 1:16:21]} 31. a3 {[%clk 0:18:50]} 31... Nxe5 {
[%clk 1:16:41]} 32. Nc3 {[%clk 0:18:03]} 32... Kd6 {[%clk 1:15:54]} 33. Kf2 {
[%clk 0:14:54]} 33... f5 {[%clk 1:15:28]} 34. Nb5+ {[%clk 0:14:19]} 34... Kd7 {
[%clk 1:14:00]} 35. h3 {[%clk 0:13:55]} 35... a4 {[%clk 1:13:52]} 0-1

[Event "ODJM B 2019"]
[Site "Willingen GER"]
[Date "2019.06.15"]
[Round "9"]
[White "Plum, Paul"]
[Black "Zieringer, Sebastian"]
[Result "1-0"]
[Termination "normal"]
[Board "6"]
[WhiteElo "1717"]
[BlackElo "1825"]
[WhiteClock "01:17:19"]
[BlackClock "01:02:58"]
[PlyCount "43"]
[WhiteFideId "16225678"]
[BlackFideId "16222008"]
[EventCountry "GER"]
[EventRounds "9"]
[EventType "swiss"]
[EventDate "2019.06.08"]

1. e4 {[%clk 1:30:56]} 1... d6 {[%clk 1:30:53]} 2. d4 {[%clk 1:31:21]} 2... Nf6
{[%clk 1:31:17]} 3. Nc3 {[%clk 1:31:45]} 3... Nbd7 {[%clk 1:31:40]} 4. Nf3 {
[%clk 1:32:09]} 4... e5 {[%clk 1:32:00]} 5. Bc4 {[%clk 1:32:27]} 5... Be7 {
[%clk 1:32:19]} 6. O-O {[%clk 1:32:36]} 6... O-O {[%clk 1:32:39]} 7. h3 { [%clk
1:32:28]} 7... c6 {[%clk 1:32:36]} 8. a3 {[%clk 1:29:07]} 8... b5 { [%clk
1:30:48]} 9. Ba2 {[%clk 1:27:03]} 9... a5 {[%clk 1:30:36]} 10. Re1 { [%clk
1:24:57]} 10... Qc7 {[%clk 1:28:38]} 11. d5 {[%clk 1:23:11]} 11... b4 { [%clk
1:27:34]} 12. dxc6 {[%clk 1:21:24]} 12... bxc3 {[%clk 1:27:38]} 13. cxd7 {[%clk
1:21:32]} 13... Bxd7 {[%clk 1:27:37]} 14. bxc3 {[%clk 1:21:16]} 14... Qxc3
{[%clk 1:27:33]} 15. Bg5 {[%clk 1:20:11]} 15... Rfc8 {[%clk 1:21:53]} 16. Bxf6
{[%clk 1:19:19]} 16... gxf6 {[%clk 1:22:11]} 17. Bd5 {[%clk 1:19:21]} 17...
Rab8 {[%clk 1:21:18]} 18. Re2 {[%clk 1:17:24]} 18... Rb2 {[%clk 1:20:07]} 19.
Ne1 {[%clk 1:17:17]} 19... Bf8 {[%clk 1:08:44]} 20. Re3 {[%clk 1:17:13]} 20...
Qc7 {[%clk 1:08:42]} 21. Rg3+ {[%clk 1:17:19]} 21... Bg7 {[%clk 1:02:58]} 22.
Qc1 1-0

[Event "ODJM B 2019"]
[Site "Willingen GER"]
[Date "2019.06.15"]
[Round "9"]
[White "ter Stal, Lars"]
[Black "Andresen, Marc"]
[Result "1-0"]
[Termination "normal"]
[Board "7"]
[WhiteElo "1732"]
[BlackElo "1428"]
[WhiteClock "00:36:37"]
[BlackClock "00:46:39"]
[PlyCount "43"]
[WhiteFideId "12965200"]
[BlackFideId "16233719"]
[EventCountry "GER"]
[EventRounds "9"]
[EventType "swiss"]
[EventDate "2019.06.08"]

1. d4 {[%clk 1:30:53]} 1... Nf6 {[%clk 1:30:33]} 2. Nc3 {[%clk 1:31:15]} 2...
d5 {[%clk 1:30:32]} 3. Bf4 {[%clk 1:31:37]} 3... g6 {[%clk 1:30:55]} 4. e3 {
[%clk 1:31:38]} 4... Bg7 {[%clk 1:30:52]} 5. Bd3 {[%clk 1:29:17]} 5... a6 {
[%clk 1:29:29]} 6. Nf3 {[%clk 1:29:06]} 6... Nbd7 {[%clk 1:29:01]} 7. Ne5 {
[%clk 1:26:38]} 7... e6 {[%clk 1:28:31]} 8. h4 {[%clk 1:21:28]} 8... c5 { [%clk
1:23:38]} 9. g4 {[%clk 1:14:16]} 9... Qb6 {[%clk 1:04:23]} 10. Na4 { [%clk
1:00:24]} 10... Qa5+ {[%clk 0:58:47]} 11. c3 {[%clk 1:00:36]} 11... c4 { [%clk
0:59:04]} 12. Be2 {[%clk 0:56:37]} 12... b5 {[%clk 0:53:51]} 13. b4 { [%clk
0:45:17]} 13... cxb3 {[%clk 0:50:13]} 14. Nc6 {[%clk 0:44:58]} 14... bxa4
{[%clk 0:45:53]} 15. Nxa5 {[%clk 0:45:20]} 15... b2 {[%clk 0:46:19]} 16. Rb1 {
[%clk 0:45:08]} 16... a3 {[%clk 0:46:31]} 17. Qb3 {[%clk 0:40:00]} 17... Bf8 {
[%clk 0:46:45]} 18. f3 {[%clk 0:38:29]} 18... e5 {[%clk 0:46:23]} 19. Bxe5 {
[%clk 0:36:49]} 19... Nxe5 {[%clk 0:46:31]} 20. dxe5 {[%clk 0:37:09]} 20... Nd7
{[%clk 0:46:57]} 21. Qxd5 {[%clk 0:36:23]} 21... Rb8 {[%clk 0:46:39]} 22. Bc4 {
[%clk 0:36:37]} 1-0

[Event "ODJM B 2019"]
[Site "Willingen GER"]
[Date "2019.06.15"]
[Round "9"]
[White "Thorz, Maximilian"]
[Black "Dartmann Aubanell, Catriona"]
[Result "0-1"]
[Termination "normal"]
[Board "9"]
[WhiteElo "1677"]
[BlackElo "1728"]
[PlyCount "118"]
[WhiteFideId "16220668"]
[BlackFideId "24585270"]
[EventCountry "GER"]
[EventRounds "9"]
[EventType "swiss"]
[EventDate "2019.06.08"]

1. d4 d5 2. c4 c6 3. Nc3 Nf6 4. Nf3 dxc4 5. e4 b5 6. a3 e6 7. Bg5 Be7 8. Be2
O-O 9. O-O h6 10. Bxf6 Bxf6 11. a4 Qb6 12. axb5 cxb5 13. b3 Ba6 14. bxc4 bxc4
15. Na4 Qb3 16. Nc5 Qxd1 17. Rfxd1 Bb5 18. Rdb1 Bc6 19. Bxc4 Rd8 20. Rd1 Nd7
21. Nxd7 Rxd7 22. e5 Be7 23. Be2 a5 24. Rdc1 Bd5 25. Ne1 a4 26. Bb5 Rda7 27.
Nd3 a3 28. Nc5 Rb8 29. Bc4 Bxc4 30. Rxc4 a2 31. Rcc1 Bg5 32. Rd1 Bd2 33. Ne4
Bb4 34. Rdc1 f5 35. exf6 gxf6 36. Nxf6+ Kf7 37. Ne4 Bf8 38. Nd2 Bg7 39. Rc2
Rba8 40. Nf3 Ra4 41. Kf1 R8a7 42. Ke2 Ra3 43. Ne5+ Kf6 44. Rd2 Kf5 45. Nc6 R7a4
46. f3 Rc3 47. Raxa2 Rxa2 48. Rxa2 Rxc6 49. Kd3 Rd6 50. Ra5+ Kg6 51. Ke3 Bxd4+
52. Ke4 Bb6 53. Ra6 Kf6 54. f4 Rd4+ 55. Ke3 Rb4+ 56. Kf3 Rb3+ 57. Kg4 Kg6 58.
Ra8 Rd3 59. Re8 h5+ 0-1

[Event "ODJM B 2019"]
[Site "Willingen GER"]
[Date "2019.06.15"]
[Round "9"]
[White "Werner, Tom"]
[Black "Schmied, Elias"]
[Result "1/2-1/2"]
[Termination "normal"]
[Board "10"]
[WhiteElo "1772"]
[BlackElo "1669"]
[PlyCount "53"]
[WhiteFideId "16223756"]
[BlackFideId "16255879"]
[EventCountry "GER"]
[EventRounds "9"]
[EventType "swiss"]
[EventDate "2019.06.08"]

1. c4 c6 2. g3 d5 3. Bg2 Bf5 4. Nf3 e6 5. O-O Nf6 6. b3 Be7 7. d4 O-O 8. Nc3
Nbd7 9. Nh4 Bg4 10. h3 Bh5 11. Bf4 Ne4 12. Nxe4 dxe4 13. Bxe4 Bxh4 14. gxh4
Qxh4 15. Qd2 Qxh3 16. Bg2 Qg4 17. f3 Qh4 18. Bg5 Qg3 19. Bf4 Qg6 20. Kf2 f6 21.
Bh3 Qf7 22. Rg1 Rfe8 23. Bh6 Bg6 24. Bf4 Nb6 25. a4 a5 26. Qe3 Nd7 27. Rad1
1/2-1/2

[Event "ODJM B 2019"]
[Site "Willingen GER"]
[Date "2019.06.15"]
[Round "9"]
[White "Reuter, Julian-Frank"]
[Black "Schilay, Eva"]
[Result "1/2-1/2"]
[Termination "normal"]
[Board "11"]
[WhiteElo "1733"]
[BlackElo "1628"]
[PlyCount "48"]
[WhiteFideId "16256182"]
[BlackFideId "12930164"]
[EventCountry "GER"]
[EventRounds "9"]
[EventType "swiss"]
[EventDate "2019.06.08"]

1. e4 d6 2. Bc4 Nf6 3. d3 e5 4. Nf3 Be7 5. c3 c6 6. Bb3 Nbd7 7. O-O O-O 8. Re1
Qc7 9. d4 b6 10. Nbd2 Bb7 11. Nf1 c5 12. Ng3 Rfe8 13. Ng5 c4 14. Bc2 h6 15. Nf3
Bf8 16. Qd2 b5 17. b3 Rac8 18. Bb2 b4 19. bxc4 bxc3 20. Qxc3 Qxc4 21. Qxc4 Rxc4
22. Bb3 Rc7 23. dxe5 dxe5 24. Rac1 Rxc1 1/2-1/2

[Event "ODJM B 2019"]
[Site "Willingen GER"]
[Date "2019.06.15"]
[Round "9"]
[White "Hoppe, Nico"]
[Black "Zimmer, Luca"]
[Result "0-1"]
[Termination "normal"]
[Board "12"]
[WhiteElo "1692"]
[BlackElo "1676"]
[PlyCount "32"]
[WhiteFideId "16225520"]
[BlackFideId "12921424"]
[EventCountry "GER"]
[EventRounds "9"]
[EventType "swiss"]
[EventDate "2019.06.08"]

1. e4 e6 2. b3 d5 3. Bb2 Bd7 4. Nc3 d4 5. Nce2 e5 6. Ng3 Nh6 7. Bd3 Nc6 8. a3
Bd6 9. Qe2 Ne7 10. Nf3 O-O 11. Nh4 Qc8 12. O-O g5 13. Qh5 gxh4 14. Qg5+ Ng6 15.
Nh5 Ng4 16. h3 Be7 0-1

[Event "ODJM B 2019"]
[Site "Willingen GER"]
[Date "2019.06.15"]
[Round "9"]
[White "Hövert, Kai"]
[Black "Francois, Yannick"]
[Result "0-1"]
[Termination "normal"]
[Board "13"]
[WhiteElo "1536"]
[BlackElo "1643"]
[PlyCount "48"]
[WhiteFideId "16266056"]
[BlackFideId "16200918"]
[EventCountry "GER"]
[EventRounds "9"]
[EventType "swiss"]
[EventDate "2019.06.08"]

1. e4 e5 2. Bc4 Nc6 3. Nf3 Bc5 4. c3 Nf6 5. d4 exd4 6. cxd4 Bb4+ 7. Nc3 Nxe4 8.
O-O Bxc3 9. d5 Bf6 10. Re1 Ne7 11. Rxe4 d6 12. g4 O-O 13. g5 Be5 14. Nxe5 dxe5
15. Rxe5 Ng6 16. Re1 Qd6 17. Qf3 Ne5 18. Qf4 Nxc4 19. Qxc4 Rd8 20. Bf4 Qg6 21.
Qxc7 Bg4 22. Qxb7 Bf3 23. Qe7 Qf5 24. Qe3 Qh3 0-1

[Event "ODJM B 2019"]
[Site "Willingen GER"]
[Date "2019.06.15"]
[Round "9"]
[White "Esefelder, Richard"]
[Black "Bilecen, Simon"]
[Result "1-0"]
[Termination "normal"]
[Board "14"]
[WhiteElo "1627"]
[BlackElo "1669"]
[PlyCount "37"]
[WhiteFideId "16287487"]
[BlackFideId "16225511"]
[EventCountry "GER"]
[EventRounds "9"]
[EventType "swiss"]
[EventDate "2019.06.08"]

1. e4 c5 2. Nf3 Nc6 3. d4 cxd4 4. Nxd4 Qb6 5. Nb5 a6 6. Be3 Qd8 7. N5c3 g6 8.
Nd5 e6 9. Bb6 Qh4 10. Nc7+ Ke7 11. Nxa8 Qxe4+ 12. Qe2 Qxe2+ 13. Bxe2 Bg7 14. c3
Nf6 15. O-O Nd5 16. Nd2 d6 17. Bf3 Nf4 18. Be3 Nd3 19. Rab1 1-0